Institutions return to commercial property (Record no. 118125)

MARC details
000 -LEADER
fixed length control field 00883cam a2200193 4500
001 - CONTROL NUMBER
control field WB@3612-144
008 - FIXED-LENGTH DATA ELEMENTS--GENERAL INFORMATION
fixed length control field 041005n2004 000 0 eng u
035 ## - SYSTEM CONTROL NUMBER
System control number (Sirsi) u127629
245 ## - TITLE STATEMENT
Title Institutions return to commercial property
260 ## - PUBLICATION, DISTRIBUTION, ETC.
Date of publication, distribution, etc. 2004
490 ## - SERIES STATEMENT
Series statement Estates Gazette
Volume/sequential designation (0440) 2 October 2004, 41(1)
520 ## - SUMMARY, ETC.
Summary, etc. British institutional investors have returned to UK commercial property causing fears that increased money chasing a deficit of investment grade stock will lead to yields falling to unsustainably low levels. Second quarter 2004 official statistics show institutions to be £485m net investors in the commercial property market, the first positive net investment since the second quarter 2003.
590 ## - LOCAL NOTE (RLIN)
Local note WB
590 ## - LOCAL NOTE (RLIN)
Local note WB
650 ## - SUBJECT ADDED ENTRY--TOPICAL TERM
Topical term or geographic name entry element INSTITUTIONAL INVESTORS
650 ## - SUBJECT ADDED ENTRY--TOPICAL TERM
Topical term or geographic name entry element YIELDS
690 ## - LOCAL SUBJECT ADDED ENTRY--TOPICAL TERM (OCLC, RLIN)
Topical term or geographic name as entry element COMMERCIAL PROPERTY-INVESTMENT
942 ## - ADDED ENTRY ELEMENTS (KOHA)
Suppress in OPAC 0
Holdings
Withdrawn status Lost status Source of classification or shelving scheme Damaged status Not for loan Home library Current library Shelving location Date acquired Total Checkouts Full call number Barcode Date last seen Copy number Price effective from Koha item type
    Dewey Decimal Classification     London London News article 05/10/2004   WB4038-05 127629-1001 06/08/2019 1 06/08/2019 News article